El sistema de créditos en colegios y universidades

Gardado en:
Detalles Bibliográficos
Autor Principal: Lewis, Lanora G (Author)
Formato: Libro
Idioma:Lingua castelá
Publicado: Ciudad de México Centro Regional de Ayuda Técnica 1972
Ciudad de México Agencia para el Desarrollo Internacional 1972
Series:Nuevos Horizontes en la Enseñanza Superior, 9
Subjects:
Tags: Engadir etiqueta
Sen Etiquetas, Sexa o primeiro en etiquetar este rexistro!

MARC

LEADER 00000nam a2200000 a 4500
001 UCU0999
003 CL-VaPUC
008 960329e19720000MX |||||||||||||||||spa|d
082 0 4 |a 378.168  |b LEW  |2 21 
100 0 |a Lewis, Lanora G  |e author  |9 356569 
245 1 3 |a El sistema de créditos en colegios y universidades 
300 |a 32 p 
942 |c BK 
945 |d 19960329 00:00:00  |a lriquelm 
260 |a Ciudad de México  |b Centro Regional de Ayuda Técnica  |c 1972 
260 |a Ciudad de México  |b Agencia para el Desarrollo Internacional  |c 1972 
650 0 |a Evaluación de la educación   |9 237505 
650 0 |a Universidades  |9 256317 
650 0 |a Educación superior   |9 223851 
650 7 |a MEDICION EDUCACIONAL  |2 CL-VaPUC  |9 343534 
583 |a last modification  |c 20130414 10:24:45  |k Rodrigo Vera 
490 0 |a Nuevos Horizontes en la Enseñanza Superior, 9 
999 |c 245772  |d 245770 
952 |0 0  |1 0  |4 0  |6 378_168000000000000_LEW_1972_1972  |7 0  |8 P  |9 260366  |a BIBEDU  |b BIBEDU  |c BIBEDU_PB  |d 2019-11-19  |i 1639552  |o 378.168 LEW 1972 1972  |p 1639552  |r 2019-11-19  |w 2019-11-19  |y BK  |k EDU